000 01270cam a2200313 a 4500
001 15699702
003 NUST
005 20221220123641.0
008 090414s2009 mau b 001 0 eng
010 _a 2009014924
020 _a9780674036130 (hardcover : alk. paper)
020 _a0674036131
035 _a(OCoLC)ocn318421063
040 _aDLC
_cDLC
_dBTCTA
_dYDXCP
_dC#P
_dBWX
_dDLC
050 0 0 _aJC578
_b.S424 2009
082 0 0 _a172.2, SEN
_222
100 1 _aSen, Amartya,
_d1933-
_9105357
245 1 4 _aThe idea of justice /
_cAmartya Sen.
260 _aCambridge, Mass. :
_bBelknap Press of Harvard University Press,
_c2009.
300 _axxviii, 467 p. ;
_c24 cm.
505 _aPart-1: The Demands of Justice (Page-31), Part-2: Forms of Reasoning (Page-155), Part-3: The materials of Justice (Page-225), Part-4: Public Reasoning and Democracy (Page-321).
600 1 0 _aRawls, John,
_d1921-2002.
_tTheory of justice.
_9105358
650 0 _aJustice.
_912939
650 0 _aSocial contract.
_997685
650 0 _aEthics.
_94381
906 _a7
_bcbc
_corignew
_d1
_eecip
_f20
_gy-gencatlg
942 _2ddc
_cBK
999 _c592741
_d592741